NBA Champions Quiz - Statistics

General Stats
  • This quiz has been taken 132 times
    131 since last reset
  • The average score is 62 of 68
Answer Stats
Year Team % Correct
1986 Boston Celtics
97%
1984 Boston Celtics
97%
1981 Boston Celtics
97%
1976 Boston Celtics
97%
1974 Boston Celtics
97%
1969 Boston Celtics
97%
1966 Boston Celtics
97%
1965 Boston Celtics
97%
1964 Boston Celtics
97%
1963 Boston Celtics
97%
1862 Boston Celtics
97%
1961 Boston Celtics
97%
1960 Boston Celtics
97%
1957 Boston Celtics
97%
2016 Cleveland Cavaliers
97%
2013 Miami Heat
97%
2012 Miami Heat
97%
2006 Miami Heat
97%
2008 Boston Celtics
96%
1975 Golden State Warriors
96%
2010 Los Angeles Lakers
96%
2009 Los Angeles Lakers
96%
2002 Los Angeles Lakers
96%
2001 Los Angeles Lakers
96%
2000 Los Angeles Lakers
96%
1988 Los Angeles Lakers
96%
1987 Los Angeles Lakers
96%
1985 Los Angeles Lakers
96%
1982 Los Angeles Lakers
96%
1980 Los Angeles Lakers
96%
1972 Los Angeles Lakers
96%
1954 Minneapolis Lakers
96%
1953 Minneapolis Lakers
96%
1952 Minneapolis Lakers
96%
1950 Minneapolis Lakers
96%
1956 Philadelphia Warriors
96%
2014 San Antonio Spurs
96%
2007 San Antonio Spurs
96%
2005 San Antonio Spurs
96%
2003 San Antonio Spurs
96%
1999 San Antonio Spurs
96%
2017 Golden State Warriors
95%
2015 Golden State Warriors
95%
1998 Chicago Bulls
94%
1997 Chicago Bulls
94%
1996 Chicago Bulls
94%
1993 Chicago Bulls
94%
1992 Chicago Bulls
94%
1991 Chicago Bulls
94%
2011 Dallas Mavericks
93%
2004 Detroit Pistons
92%
1990 Detroit Pistons
92%
1989 Detroit Pistons
92%
1968 Boston Celtics
88%
1959 Boston Celtics
88%
1995 Houston Rockets
87%
1994 Houston Rockets
87%
1983 Philadelphia 76ers
82%
1967 Philadelphia 76ers
82%
1955 Syracuse Nationals
82%
1973 New York Knicks
78%
1970 New York Knicks
77%
1971 Milwaukee Bucks
76%
1978 Washington Bullets
74%
1979 Seattle SuperSonics
73%
1977 Portland Trail Blazers
68%
1958 St.Louis Hawks
68%
1951 Rochester Royals
60%
No matching quizzes found
Score Distribution
Percent of People with Each Score
Percentile by Number Answered
Your Score History
You have not taken this quiz since the last reset